مكتبة جامعة عجلون الوطنية

فهرس بحث المكتبة

Color Now : Color Combinations for Commercial Design (Record no. 33788)

MARC details
000 -LEADER
fixed length control field 00461nam a22001697a 4500
003 - CONTROL NUMBER IDENTIFIER
control field JO-AjAnu
005 - DATE AND TIME OF LATEST TRANSACTION
control field 20241022085403.0
008 - FIXED-LENGTH DATA ELEMENTS--GENERAL INFORMATION
fixed length control field 241020b jo ||||| |||| 00| 0 ara d
040 ## - CATALOGING SOURCE
Transcribing agency JO-AjAnu
041 ## - LANGUAGE CODE
Language code of original ENG
100 ## - MAIN ENTRY--PERSONAL NAME
Personal name Sendpoints
Relator term Author
9 (RLIN) 66364
245 ## - TITLE STATEMENT
Title Color Now : Color Combinations for Commercial Design
Statement of responsibility, etc.
260 ## - PUBLICATION, DISTRIBUTION, ETC.
Name of publisher, distributor, etc. Sendpoint,
Date of publication, distribution, etc. 2018
300 ## - PHYSICAL DESCRIPTION
Extent 269 pages
650 ## - SUBJECT ADDED ENTRY--TOPICAL TERM
Form subdivision Color Combinations for Commercial Design
942 ## - ADDED ENTRY ELEMENTS (KOHA)
Source of classification or shelving scheme Library of Congress Classification
Koha item type Books
Suppress in OPAC No
Holdings
Withdrawn status Lost status Source of classification or shelving scheme Damaged status Not for loan Home library Current library Date acquired Total Checkouts Full call number Barcode Date last seen Price effective from Koha item type
    Library of Congress Classification     مكتبة جامعة عجلون الوطنية مكتبة جامعة عجلون الوطنية 20/10/2024   NK2180.2018 E3894 20/10/2024 20/10/2024 Books